Personnages du Hobbit en rébus - Statistiques

Statistiques générales
  • Ce quiz a été pris 1 949 fois
  • Le résultat moyen est 5 sur 10
Réponses sur la Carte
Les réponses sont colorées sur une échelle allant du rouge au vert en fonction du pourcentage des utilisateurs qui les ont devinées à leur premier essai. Vous pouvez retrouver ces pourcentages ci-dessous.
 
Statistiques - réponses
Personnages % Correct
Gandalf
95%
Ori
69%
Thorin
56%
Elrond
53%
Beorn
49%
Dori
39%
Kili
36%
Bombur
25%
Barde
18%
Dwalin
14%
Aucun quiz correspondant
Distribution des résultats
% des personnes avec chaque résultat
Percentile par nombre de réponses
Votre historique - résultats
Vous n’avez pas pris ce quiz